Rain World all creatures (+Downpour and Watcher 1.5) - Statistics

General Stats
  • This quiz has been taken 102 times
  • The average score is 61 of 97
Answer Stats
Hint Answer % Correct
Hostile Green Lizard
97%
Hostile Pink Lizard
97%
Hostile Red Lizard
97%
Hostile White Lizard
97%
Hostile Black Lizard
93%
Hostile Blue Lizard
93%
Hostile Centipede
93%
Neutral Scavenger
93%
Hostile Yellow Lizard
93%
Hostile Caramel Lizard
90%
Hostile Cyan Lizard
90%
Hostile Vulture
90%
Special Five Pebbles
86%
Hostile King Vulture
86%
Special Looks to the Moon
86%
Hostile Strawberry Lizard
86%
Edible Batfly
83%
Hostile Centiwing
83%
Hostile Eel Lizard
83%
Hostile Monster Kelp
83%
Hostile Pole Plant
83%
Special Void Worm
83%
Hostile Aquapede
79%
Hostile Blizzard Lizard
79%
Hostile Daddy Long Legs
79%
Hostile Miros Bird
79%
Hostile Miros Vulture
79%
Neutral Rain Deer
79%
Hostile Red Centipede
79%
Hostile Salamander
79%
Hostile Brother Long Legs
76%
Neutral Elite Scavenger
76%
Hostile Mother Long Legs
76%
Special The Prince
76%
Special Train Lizard
72%
Hostile Basilisk Lizard
69%
Special Echo
69%
Special Sliver of Straw
69%
Special The Weaver
69%
Hostile Leviathan
66%
Neutral Noodlefly
66%
Neutral Squidcada
66%
Hostile Peach Lizard
62%
Special Scavenger Chieftain
62%
Special Slugpup
62%
Hostile Worm Grass
62%
Hostile Big Spider
59%
Neutral Garbage Worm
59%
Neutral Grapple Worm
59%
Special Guardian
59%
Hostile Rot Lizard
59%
Edible Vulture Grub
59%
Hostile Coalescipede
55%
Hostile Dropwig
55%
Neutral Jetfish
55%
Neutral Lantern Mouse
55%
Hostile Loach
55%
Hostile Mother Spider
55%
Neutral Yeek
55%
Edible Hazer
52%
Hostile Indigo Lizard
52%
Neutral Inspector
52%
Hostile Locust
52%
Hostile Red Leech
52%
Special Rot Worm
52%
Hostile Sea Leech
52%
Neutral Sky Whale
52%
Hostile Spitter Spider
52%
Hostile Stowaway
52%
Special Hunter Long Legs
48%
Edible Jellyfish
48%
Edible Rat
48%
Hostile Rot Loach
48%
Edible Tardigrade
48%
Neutral Big Moth
45%
Hostile Jungle Leech
45%
Neutral Locust Whale
45%
Neutral Snail
45%
Hostile Angler
41%
Neutral Barnacle
41%
Neutral Bone Shaker
41%
Edible Eggbug
41%
Hostile Giant Jellyfish
41%
Neutral Overseer
41%
Neutral Small Moth
41%
Neutral Tower Crab
41%
Neutral Drill Crab
38%
Special Ripple Spawn
38%
Neutral Scavenger Disciple
38%
Neutral Scavenger Templar
38%
Hostile Sand Worm
34%
Neutral Box Worm
31%
Edible Firebug
31%
Neutral Fire Sprite
31%
Hostile Frog
31%
Neutral Moth Grub
31%
Edible Sand Grub
31%
No matching quizzes found
Score Distribution
Percent of People with Each Score
Percentile by Number Answered
Your Score History
You have not taken this quiz